000 00441pab a2200169 454500
008 180718b2017 xxu||||| |||| 00| 0 eng d
100 _aSinha Ray, S.P.
245 _aDeterioration of groundwater quality: implications and management
260 _c2017
300 _ap.46-63.
362 _aJan
650 _aGroundwater - India
650 _aGroundwater
700 _aElango, L.
773 _aJournal of Governance
909 _a113826
999 _c113820
_d113820